000 00455nam a22001577a 4500
005 20260119154141.0
008 260119b |||||||| |||| 00| 0 eng d
020 _a978---93-569623-9
100 _aPAL, JYOTIRMONY
245 _aPROGRESS IN MEDICINE
260 _aNEW DELHI
_bJAYPEE BROTHERS
_c2024
300 _aXL, 738P.
500 _aINCLUDES INDEX
650 _a1. MEDICINE - YEARBOOKS 2.MEDICAL SCIENCES - RESEARCH - PERIODICAL
942 _2lcc
_cBK
999 _c216483
_d216483